[Event "27th Klatovy A 2019"]
[Site "Klatovy CZE"]
[Date "2019.06.30"]
[Round "2.15"]
[White "Mejzlik, Ondrej"]
[Black "Lochman, Vaclav"]
[Result "1-0"]
[WhiteElo "2302"]
[BlackElo "2007"]
[PlyCount "94"]
[EventDate "2019.06.29"]
[EventType "swiss"]
[EventRounds "9"]
[EventCountry "CZE"]

1. c4 e5 2. Nc3 Nf6 3. g3 Nc6 4. Bg2 Bb4 5. Nd5 a5 6. e3 O-O 7. Ne2 d6 8. O-O Bc5 9. b3 Bg4 10. h3 Be6 11. d4 exd4 12. exd4 Ba7 13. Nxf6+ Qxf6 14. Be3 Bf5 15. Nf4 Rfe8 16. Nd5 Qd8 17. Nc3 Qc8 18. Kh2 Nb4 19. Qf3 Nc2 20. Rad1 Nxe3 21. fxe3 Bg6 22. h4 h5 23. Bh3 Qd8 24. Bf5 Qf6 25. Nd5 Qxf5 26. Qxf5 Bxf5 27. Rxf5 Rac8 28. Rxh5 c6 29. Nf4 Rxe3 30. Rxa5 Bb6 31. Ra4 Bd8 32. Ra7 Rb8 33. d5 c5 34. Ng2 Re2 35. Re1 Rxe1 36. Nxe1 Bf6 37. Nd3 Bc3 38. Kg2 Kf8 39. Kf3 Ke8 40. Nf2 Kd7 41. Ne4 Be5 42. a3 Kc7 43. Ra5 Bd4 44. b4 cxb4 45. axb4 Re8 46. g4 g6 47. Ra3 Re5 1-0

[Event "27th Klatovy A 2019"]
[Site "Klatovy CZE"]
[Date "2019.06.30"]
[Round "2.16"]
[White "Kotal, Vaclav"]
[Black "Rybin, Jan"]
[Result "1-0"]
[WhiteElo "2205"]
[BlackElo "1900"]
[PlyCount "27"]
[EventDate "2019.06.29"]
[EventType "swiss"]
[EventRounds "9"]
[EventCountry "CZE"]

1. e4 c6 2. d4 d5 3. e5 Bf5 4. h4 h5 5. c4 e6 6. Nc3 Nd7 7. Nge2 dxc4 8. Ng3 Bh7 9. Bxc4 Nb6 10. Be2 Ne7 11. Bg5 Qd7 12. Nce4 Nf5 13. Nxh5 Nxd4 14. Nhf6+ 1-0

[Event "27th Klatovy A 2019"]
[Site "Klatovy CZE"]
[Date "2019.06.30"]
[Round "2.17"]
[White "Richter, Martin1"]
[Black "Palek, Miroslav"]
[Result "1/2-1/2"]
[WhiteElo "1959"]
[BlackElo "2188"]
[PlyCount "56"]
[EventDate "2019.06.29"]
[EventType "swiss"]
[EventRounds "9"]
[EventCountry "CZE"]

1. e4 c5 2. Nf3 Nc6 3. d4 cxd4 4. Nxd4 Qb6 5. Nb3 Nf6 6. Nc3 e6 7. Be3 Qc7 8. Nb5 Qb8 9. Bd3 a6 10. N5d4 e5 11. Nf5 d5 12. exd5 Nb4 13. Ng3 Nbxd5 14. Bg5 h6 15. Bxf6 Nxf6 16. O-O Be7 17. Nf5 Bxf5 18. Bxf5 O-O 19. Qe2 Qc7 20. Nd2 Rfe8 21. c3 Bc5 22. Ne4 Nxe4 23. Bxe4 Rad8 24. Rad1 g6 25. Rxd8 Rxd8 26. Rd1 Rd7 27. Rxd7 Qxd7 28. Qd3 Qxd3 1/2-1/2

[Event "27th Klatovy A 2019"]
[Site "Klatovy CZE"]
[Date "2019.06.30"]
[Round "2.18"]
[White "Skopec, Lubos"]
[Black "Krivanek, Vladimir"]
[Result "0-1"]
[WhiteElo "1907"]
[BlackElo "2166"]
[PlyCount "104"]
[EventDate "2019.06.29"]
[EventType "swiss"]
[EventRounds "9"]
[EventCountry "CZE"]

1. e4 b6 2. d4 Bb7 3. Nc3 e6 4. a3 Nf6 5. Bd3 c5 6. Nf3 cxd4 7. Nxd4 Nc6 8. Be3 Bc5 9. Nxc6 Bxc6 10. Qe2 Qc7 11. O-O O-O 12. Rad1 Rad8 13. Bg5 Qe5 14. Bh4 d5 15. exd5 Qxe2 16. Bxe2 exd5 17. Bf3 d4 18. Bxc6 dxc3 19. b4 Be7 20. Rfe1 Rxd1 21. Rxd1 Rc8 22. Bb7 Rc4 23. Bg3 a5 24. Ba6 Rc6 25. Bb5 Rc8 26. bxa5 bxa5 27. a4 Ne4 28. Bf4 Bc5 29. Be3 Bxe3 30. fxe3 Nd2 31. Kf2 f5 32. Ke2 Kf7 33. h3 g5 34. Rg1 Rd8 35. g4 f4 36. exf4 gxf4 37. g5 Rd6 38. h4 Re6+ 39. Kf2 Re3 40. h5 Ne4+ 41. Kf1 Ng3+ 42. Kf2 Nxh5 43. Bd3 Ng3 44. Bxh7 Ne4+ 45. Kf1 Kg7 46. g6 Ng3+ 47. Kf2 Re2+ 48. Kf3 Rxc2 49. Rb1 Rb2 50. Rd1 Ne2 51. Rd7+ Kh6 52. Kg4 c2 0-1

[Event "27th Klatovy A 2019"]
[Site "Klatovy CZE"]
[Date "2019.06.30"]
[Round "2.19"]
[White "Kozak, Milos"]
[Black "Kovar, Petr"]
[Result "1-0"]
[WhiteElo "2165"]
[BlackElo "1909"]
[PlyCount "67"]
[EventDate "2019.06.29"]
[EventType "swiss"]
[EventRounds "9"]
[EventCountry "CZE"]

1. d4 d5 2. c4 e6 3. Nf3 Nf6 4. g3 Be7 5. Bg2 O-O 6. O-O c5 7. cxd5 Nxd5 8. e4 Nb6 9. dxc5 Bxc5 10. Qc2 Qe7 11. e5 h6 12. Nc3 Bd7 13. Bxh6 Bc6 14. Ng5 g6 15. Bxf8 Qxf8 16. Nce4 Be7 17. h4 N8d7 18. f4 Rc8 19. Qe2 Bd5 20. b3 Nc5 21. Rac1 Nxe4 22. Nxe4 Ba3 23. Nf6+ Kg7 24. Rxc8 Qxc8 25. Nxd5 Nxd5 26. Bxd5 Qc5+ 27. Kh2 Qxd5 28. Qf3 Qb5 29. Rf2 Bc5 30. Rg2 a5 31. h5 b6 32. hxg6 Kxg6 33. Rd2 Be7 34. Qd3+ 1-0

[Event "27th Klatovy A 2019"]
[Site "Klatovy CZE"]
[Date "2019.06.30"]
[Round "2.20"]
[White "Hlozek, David"]
[Black "Bartos, Jan"]
[Result "0-1"]
[WhiteElo "1901"]
[BlackElo "2157"]
[PlyCount "84"]
[EventDate "2019.06.29"]
[EventType "swiss"]
[EventRounds "9"]
[EventCountry "CZE"]

1. e4 e6 2. d4 d5 3. Nd2 c5 4. Ngf3 cxd4 5. Nxd4 Nc6 6. Bb5 Bd7 7. Nxc6 bxc6 8. Bd3 Bd6 9. O-O Ne7 10. f4 Ng6 11. e5 Bc7 12. Nf3 h6 13. Bxg6 fxg6 14. Qd3 Kf7 15. Kh1 c5 16. c3 Rb8 17. a4 Bc6 18. Be3 Qe7 19. b4 d4 20. Bd2 dxc3 21. Qxc3 Bxf3 22. Qxf3 cxb4 23. Rfc1 Rhd8 24. Be3 Bb6 25. Bxb6 Rxb6 26. a5 Rb5 27. Rc4 b3 28. Rb1 b2 29. h3 Qd7 30. Qe2 Qd3 31. Rc7+ Kg8 32. Qxd3 Rxd3 33. Rc2 Rdb3 34. Kh2 a6 35. g3 Kh7 36. h4 g5 37. hxg5 hxg5 38. Rf2 gxf4 39. gxf4 Kg6 40. Rg2+ Kf5 41. Rxg7 Rxa5 42. Rg5+ Kxf4 0-1

[Event "27th Klatovy A 2019"]
[Site "Klatovy CZE"]
[Date "2019.06.30"]
[Round "2.21"]
[White "Fiser, Jiri2"]
[Black "Jelinek, Michal"]
[Result "1/2-1/2"]
[WhiteElo "1899"]
[BlackElo "2108"]
[PlyCount "85"]
[EventDate "2019.06.29"]
[EventType "swiss"]
[EventRounds "9"]
[EventCountry "CZE"]

1. e4 e5 2. Nf3 Nc6 3. Bb5 a6 4. Ba4 Nf6 5. d3 d6 6. c3 g6 7. O-O Bg7 8. Re1 O-O 9. Nbd2 Re8 10. Nf1 b5 11. Bb3 Na5 12. Bc2 c5 13. Bg5 Bd7 14. Ne3 Qb8 15. Bxf6 Bxf6 16. Qd2 Be6 17. d4 cxd4 18. cxd4 exd4 19. Nxd4 Nc4 20. Nxc4 bxc4 21. Rab1 Qb6 22. Red1 Bg4 23. f3 Bd7 24. Qe3 Rab8 25. Qf2 Qc5 26. Ne2 Qxf2+ 27. Kxf2 Rb6 28. Nc3 Be6 29. Na4 Rc6 30. Rd2 Kf8 31. Rbd1 Ke7 32. Re1 Rb8 33. Bd1 Be5 34. g3 g5 35. Kg2 Rc7 36. Rf1 Rcb7 37. Rff2 Rc7 38. h3 h5 39. f4 gxf4 40. gxf4 Bf6 41. Bxh5 Rg8+ 42. Bg4 Bh4 43. Rf3 1/2-1/2

[Event "27th Klatovy A 2019"]
[Site "Klatovy CZE"]
[Date "2019.06.30"]
[Round "2.23"]
[White "Vavrinkova, Eliska"]
[Black "Cakl, Zdenek"]
[Result "1/2-1/2"]
[WhiteElo "1858"]
[BlackElo "2072"]
[PlyCount "60"]
[EventDate "2019.06.29"]
[EventType "swiss"]
[EventRounds "9"]
[EventCountry "CZE"]

1. d4 d5 2. Nf3 e6 3. c4 f5 4. Nc3 Nf6 5. Bg5 Be7 6. g3 O-O 7. Bg2 c6 8. O-O Nbd7 9. Rb1 Ne4 10. Bxe7 Qxe7 11. Qc2 b6 12. b4 Bb7 13. a4 Rfc8 14. Ne5 Nxe5 15. dxe5 Nxc3 16. Qxc3 Ba6 17. cxd5 cxd5 18. Qb2 Bc4 19. Rfc1 a6 20. Rc2 b5 21. a5 Ra7 22. Qd4 Rac7 23. f3 Qg5 24. Rbc1 Qe7 25. Rb1 Qg5 26. Re1 h6 27. Bh3 Qe7 28. Rb1 Qg5 29. Rbc1 Qe7 30. Rb1 g5 1/2-1/2

[Event "27th Klatovy A 2019"]
[Site "Klatovy CZE"]
[Date "2019.06.30"]
[Round "2.24"]
[White "Vevera, Radek"]
[Black "Nechutny, Michal"]
[Result "1/2-1/2"]
[WhiteElo "2066"]
[BlackElo "1726"]
[PlyCount "70"]
[EventDate "2019.06.29"]
[EventType "swiss"]
[EventRounds "9"]
[EventCountry "CZE"]

1. e4 c5 2. Nf3 Nc6 3. d4 cxd4 4. Nxd4 Nf6 5. Nc3 e6 6. Ndb5 Bb4 7. a3 Bxc3+ 8. Nxc3 d5 9. exd5 exd5 10. Bd3 O-O 11. O-O d4 12. Ne2 Bg4 13. f3 Bh5 14. Nf4 Bg6 15. Nxg6 hxg6 16. f4 Re8 17. Qf3 Qd5 18. Qxd5 Nxd5 19. Bd2 Re7 20. b4 Ne3 21. Rf3 a6 22. Re1 Rae8 23. a4 Nd5 24. Rb1 Nc3 25. Bxc3 dxc3 26. Bf1 Re3 27. Rf2 Nd4 28. Rd1 Ne2+ 29. Bxe2 Rxe2 30. Rd3 Re1+ 31. Rf1 Rxf1+ 32. Kxf1 Re4 33. Rxc3 Rxf4+ 34. Ke2 Rxb4 35. Rc8+ Kh7 1/2-1/2

[Event "27th Klatovy A 2019"]
[Site "Klatovy CZE"]
[Date "2019.06.30"]
[Round "2.25"]
[White "Novotny, David"]
[Black "Pick, Stepan"]
[Result "0-1"]
[WhiteElo "1788"]
[BlackElo "2058"]
[PlyCount "122"]
[EventDate "2019.06.29"]
[EventType "swiss"]
[EventRounds "9"]
[EventCountry "CZE"]

1. d4 d5 2. Bf4 Nf6 3. e3 e6 4. Nd2 Bd6 5. Bg3 c5 6. Ngf3 Nc6 7. c3 O-O 8. Bd3 b6 9. Qe2 Bb7 10. Rd1 Qc7 11. e4 dxe4 12. Nxe4 Bxg3 13. Nxf6+ gxf6 14. hxg3 Rfd8 15. Qe4 Kf8 16. Qxh7 Ke7 17. Bg6 Rf8 18. Nh4 cxd4 19. cxd4 Rad8 20. O-O Rxd4 21. Rfe1 Kd8 22. Qg7 Qd6 23. Rxd4 Nxd4 24. Qxf6+ Kc7 25. Be4 Ba6 26. Rd1 Ne2+ 27. Kh2 Qxd1 28. Qe7+ Qd7 29. Qxf8 f5 30. Qa3 Qd1 31. Qe7+ Qd7 32. Qxd7+ Kxd7 33. Bf3 Nc1 34. g4 fxg4 35. Bxg4 Nxa2 36. Ng6 Kd6 37. f4 Bd3 38. Ne5 Nb4 39. Kg3 Bf5 40. Bxf5 exf5 41. Kh4 Ke6 42. Kg5 Nd5 43. Nc6 Ne3 44. g3 Nc4 45. Nxa7 Nxb2 46. Nb5 Nc4 47. Nd4+ Kd5 48. Nxf5 b5 49. Ne7+ Kd6 50. Nc8+ Kc5 51. f5 b4 52. Kf4 b3 53. f6 Nd6 54. Ke5 Nf7+ 55. Ke6 Ng5+ 56. Kf5 Nh7 57. Kg6 Nxf6 58. Kxf6 b2 59. g4 b1=Q 60. g5 Qb2+ 61. Kf7 Qb7+ 0-1

[Event "27th Klatovy A 2019"]
[Site "Klatovy CZE"]
[Date "2019.06.30"]
[Round "2.26"]
[White "Janous, Marek"]
[Black "Hajek, Jiri2"]
[Result "0-1"]
[WhiteElo "1777"]
[BlackElo "2043"]
[PlyCount "70"]
[EventDate "2019.06.29"]
[EventType "swiss"]
[EventRounds "9"]
[EventCountry "CZE"]

1. e4 d6 2. d4 Nf6 3. Nc3 Nbd7 4. g4 e5 5. h3 c6 6. Nge2 Be7 7. Bg2 Qc7 8. Be3 Nf8 9. O-O h5 10. g5 N6h7 11. Qd2 Qd8 12. dxe5 dxe5 13. Qxd8+ Bxd8 14. Rad1 Bxg5 15. f4 exf4 16. Bxf4 Ng6 17. Bxg5 Nxg5 18. Kh2 Nh4 19. Nf4 O-O 20. Kg3 Nxg2 21. Kxg2 h4 22. Kh2 Re8 23. Rde1 b6 24. Re3 Ba6 25. Rg1 f6 26. Ng6 Kf7 27. Nxh4 Rh8 28. Nf5 Rad8 29. Reg3 Bc8 30. Re1 g6 31. Ne3 Nxh3 32. Kg2 Rd2+ 33. Kh1 Nf4+ 34. Kg1 Rhh2 35. Rf3 Nh3+ 0-1

[Event "27th Klatovy A 2019"]
[Site "Klatovy CZE"]
[Date "2019.06.30"]
[Round "2.27"]
[White "Finek, Vaclav"]
[Black "Vilimova, Julie"]
[Result "1-0"]
[WhiteElo "2043"]
[BlackElo "1786"]
[PlyCount "145"]
[EventDate "2019.06.29"]
[EventType "swiss"]
[EventRounds "9"]
[EventCountry "CZE"]

1. d4 Nf6 2. c4 e6 3. Nf3 Bb4+ 4. Bd2 Bxd2+ 5. Nbxd2 d5 6. e3 O-O 7. Bd3 b6 8. O-O Bb7 9. Qc2 Nbd7 10. e4 dxe4 11. Nxe4 Nxe4 12. Bxe4 Bxe4 13. Qxe4 c5 14. Rad1 Nf6 15. Qe5 cxd4 16. Nxd4 Qc8 17. b3 Qa6 18. Rd2 Rac8 19. Rfd1 Rc5 20. Qe2 Qb7 21. Qf3 Qxf3 22. Nxf3 Ne4 23. Rd7 Ra5 24. Re1 f5 25. Re2 e5 26. h3 Re8 27. Rc2 Nf6 28. Rd6 Rc5 29. b4 Rc7 30. c5 bxc5 31. bxc5 Ne4 32. Rd5 Rec8 33. c6 Nf6 34. Rxe5 Rxc6 35. Rxc6 Rxc6 36. Rxf5 Ra6 37. Rb5 Rxa2 38. Rb8+ Kf7 39. Rb7+ Kg6 40. Ne5+ Kf5 41. Nc6 a6 42. Rxg7 a5 43. g4+ Ke6 44. Ra7 a4 45. Nb4 Ra1+ 46. Kg2 Nd7 47. Nc2 Ra2 48. Nd4+ Kd6 49. Nb5+ Kc6 50. Nd4+ Kd6 51. Kg3 Nc5 52. f3 Kd5 53. Nf5 a3 54. Ne3+ Kd4 55. Rxa3 Rxa3 56. Nc2+ Ke5 57. Nxa3 Ne6 58. Nc4+ Kd5 59. Ne3+ Ke5 60. Ng2 Kf6 61. f4 Nc5 62. Kf3 Ke6 63. g5 Nb7 64. Ne3 Nd6 65. Kg4 Kf7 66. h4 Kg6 67. h5+ Kf7 68. Nf5 Ne8 69. Kf3 Ke6 70. Ke4 Kf7 71. Ke5 Nc7 72. Nd6+ Ke7 73. f5 1-0

[Event "27th Klatovy A 2019"]
[Site "Klatovy CZE"]
[Date "2019.06.30"]
[Round "2.28"]
[White "Dvorakova, Olga"]
[Black "Skypala, Ondrej"]
[Result "0-1"]
[WhiteElo "1763"]
[BlackElo "2030"]
[PlyCount "116"]
[EventDate "2019.06.29"]
[EventType "swiss"]
[EventRounds "9"]
[EventCountry "CZE"]

1. d4 Nf6 2. c4 g6 3. Nc3 Bg7 4. e4 d6 5. Nf3 O-O 6. Be2 e5 7. d5 Nbd7 8. Bg5 h6 9. Bh4 g5 10. Bg3 Nc5 11. Nd2 a6 12. O-O Qe7 13. b4 Ncd7 14. f3 Nh5 15. Bf2 Nf4 16. Rc1 b6 17. Re1 Kh8 18. Na4 a5 19. c5 axb4 20. cxb6 cxb6 21. Nxb6 Nxb6 22. Bxb6 f5 23. Qb3 Rf6 24. Bf1 Qf8 25. Rc7 g4 26. Rec1 gxf3 27. Qxf3 Rf7 28. Rxf7 Qxf7 29. Rc7 Qg6 30. Be3 fxe4 31. Qxe4 Qxe4 32. Nxe4 Nxd5 33. Ra7 Rxa7 34. Bxa7 Nc3 35. Nxd6 Be6 36. Bc4 Bxc4 37. Nxc4 Nxa2 38. Na5 Nc3 39. Bc5 Nd5 40. Kf2 e4 41. Ke2 Kh7 42. Kd2 Kg6 43. Kc2 Kg5 44. Nc4 Kf4 45. Bd6+ Kg4 46. Bc5 h5 47. Kb3 Bc3 48. Ne3+ Nxe3 49. Bxe3 h4 50. Kc2 h3 51. gxh3+ Kf3 52. Bc1 e3 53. Bxe3 Kxe3 54. h4 Kd4 55. h3 Kc4 56. h5 Bh8 57. h6 b3+ 58. Kb1 Kc3 0-1

[Event "27th Klatovy A 2019"]
[Site "Klatovy CZE"]
[Date "2019.06.30"]
[Round "2.29"]
[White "Turner, Radek"]
[Black "Elias, Jakub"]
[Result "1-0"]
[WhiteElo "2023"]
[BlackElo "1921"]
[PlyCount "91"]
[EventDate "2019.06.29"]
[EventType "swiss"]
[EventRounds "9"]
[EventCountry "CZE"]

1. c4 g6 2. g3 Bg7 3. Bg2 Nf6 4. Nc3 d6 5. e4 Nbd7 6. Nge2 O-O 7. O-O e5 8. d3 c6 9. h3 Qc7 10. Be3 Ne8 11. Qd2 f5 12. Rad1 a5 13. b3 Nef6 14. d4 fxe4 15. Nxe4 Nxe4 16. Bxe4 exd4 17. Nxd4 Nc5 18. Bg2 Rf7 19. Ne2 Bf8 20. Bf4 Rd7 21. h4 Rd8 22. Nd4 Ne6 23. Nxe6 Bxe6 24. c5 Qd7 25. cxd6 a4 26. b4 Qf7 27. a3 Rd7 28. Qe3 Bb3 29. Rd2 Re8 30. Qc5 Red8 31. Bh3 Be6 32. Bxe6 Qxe6 33. Rfd1 Bg7 34. Rd3 Bf6 35. Re3 Qf7 36. Qc2 Bxh4 37. Qxa4 Bf6 38. Qa5 b5 39. Qb6 g5 40. Be5 Bxe5 41. Rxe5 Rxd6 42. Rxg5+ Kf8 43. Rxd6 Rxd6 44. Qb8+ Ke7 45. Qc7+ Rd7 46. Qxc6 1-0

[Event "27th Klatovy A 2019"]
[Site "Klatovy CZE"]
[Date "2019.06.30"]
[Round "2.30"]
[White "Cmiko, Jakub"]
[Black "Flajsman, Pavel"]
[Result "1/2-1/2"]
[WhiteElo "2005"]
[BlackElo "1917"]
[PlyCount "132"]
[EventDate "2019.06.29"]
[EventType "swiss"]
[EventRounds "9"]
[EventCountry "CZE"]

1. d4 Nf6 2. c4 e6 3. Nc3 d5 4. cxd5 exd5 5. Bg5 Bb4 6. a3 Bxc3+ 7. bxc3 Nbd7 8. e3 c5 9. Bd3 Qa5 10. Qd2 c4 11. Bc2 O-O 12. Ne2 Re8 13. f3 Qa6 14. O-O Nf8 15. Ng3 h6 16. Bxf6 Qxf6 17. e4 Ng6 18. e5 Qf4 19. Qf2 Ne7 20. Rfe1 Nf5 21. Nf1 h5 22. Rab1 b6 23. Bxf5 Bxf5 24. Rb5 Rad8 25. Ne3 Be6 26. g3 Qh6 27. f4 g6 28. Qf3 Qf8 29. Ra1 Bd7 30. Rb2 Be6 31. f5 Bxf5 32. Nxd5 Re6 33. Nf6+ Rxf6 34. exf6 Qd6 35. Qf4 Qxf6 36. Re2 Qc6 37. Rae1 a5 38. Qg5 Rf8 39. Qe7 Bc8 40. Qe4 Qd6 41. Ra1 Be6 42. Qf4 Qc6 43. Rf1 Bh3 44. Qf6 Qd5 45. Rfe1 b5 46. Qe5 Qf3 47. d5 Rd8 48. d6 Qd3 49. Qxb5 Qxd6 50. Re8+ Kh7 51. Rxd8 Qxd8 52. Qxc4 Qb6+ 53. Qd4 Qc6 54. Re2 Qb7 55. Qd3 Qb6+ 56. Qe3 Qb1+ 57. Re1 Qb7 58. Qf2 Qd5 59. Re7 Qd1+ 60. Qe1 Qf3 61. Qe2 Qf5 62. Qf2 Qb1+ 63. Re1 Qb7 64. Rd1 Qb3 65. Re1 Qd5 66. Rc1 Qc4 1/2-1/2

[Event "27th Klatovy A 2019"]
[Site "Klatovy CZE"]
[Date "2019.06.30"]
[Round "2.31"]
[White "Kunc, Jan"]
[Black "Hlavac, Rudolf"]
[Result "1-0"]
[WhiteElo "1919"]
[BlackElo "1990"]
[PlyCount "69"]
[EventDate "2019.06.29"]
[EventType "swiss"]
[EventRounds "9"]
[EventCountry "CZE"]

1. d4 d5 2. Bf4 Nf6 3. e3 g6 4. Nc3 Bg7 5. h4 h6 6. Nf3 O-O 7. Ne5 c6 8. g4 Nfd7 9. Be2 Nxe5 10. Bxe5 Nd7 11. Bxg7 Kxg7 12. Qd2 b5 13. f4 Nb6 14. b3 Qd6 15. Bf3 b4 16. Ne2 f6 17. O-O-O a5 18. Kb1 Bd7 19. Rdg1 g5 20. Ng3 a4 21. Nf5+ Bxf5 22. gxf5 Rh8 23. hxg5 hxg5 24. Rxh8 Rxh8 25. fxg5 Rh2 26. gxf6+ Kf8 27. fxe7+ Kxe7 28. Qe1 Kf7 29. Rg6 Qd7 30. Re6 axb3 31. axb3 Nc8 32. Qg3 Rh7 33. Qg6+ Kf8 34. Bh5 Rxh5 35. Rf6+ 1-0

[Event "27th Klatovy A 2019"]
[Site "Klatovy CZE"]
[Date "2019.06.30"]
[Round "2.32"]
[White "Hak, David"]
[Black "Hosnedl, Matyas"]
[Result "1-0"]
[WhiteElo "1980"]
[BlackElo "1903"]
[PlyCount "83"]
[EventDate "2019.06.29"]
[EventType "swiss"]
[EventRounds "9"]
[EventCountry "CZE"]

1. e4 e6 2. d4 d5 3. exd5 exd5 4. Nf3 Bd6 5. c4 dxc4 6. Bxc4 Qe7+ 7. Be3 Nf6 8. O-O O-O 9. h3 c6 10. Re1 Qc7 11. Nc3 Nbd7 12. Rc1 b5 13. Bd3 Qa5 14. Ne4 Bb4 15. Bd2 Bxd2 16. Qxd2 Qxd2 17. Nfxd2 Nxe4 18. Bxe4 Bb7 19. Bxc6 Bxc6 20. Rxc6 Rac8 21. Rec1 Nb6 22. Rxc8 Rxc8 23. Rxc8+ Nxc8 24. Kf1 Kf8 25. Ke2 Ke7 26. Kd3 Ke6 27. Ne4 f6 28. Nc3 Nd6 29. b3 h5 30. a4 bxa4 31. bxa4 a5 32. Ne4 Nf5 33. Kc4 Kd7 34. Ng3 Nd6+ 35. Kd5 g6 36. Ne4 Nc8 37. Nxf6+ Ke7 38. Ne4 Nb6+ 39. Kc6 Nxa4 40. d5 Kd8 41. d6 h4 42. Ng5 1-0

[Event "27th Klatovy A 2019"]
[Site "Klatovy CZE"]
[Date "2019.06.30"]
[Round "2.33"]
[White "Lhotsky, Zdenek"]
[Black "Novotny, Jaroslav2"]
[Result "1-0"]
[WhiteElo "1914"]
[BlackElo "1979"]
[PlyCount "91"]
[EventDate "2019.06.29"]
[EventType "swiss"]
[EventRounds "9"]
[EventCountry "CZE"]

1. e4 c5 2. Nf3 d6 3. d4 cxd4 4. Nxd4 Nf6 5. Nc3 a6 6. Be3 e5 7. Nb3 Be7 8. f3 Be6 9. Qd2 O-O 10. O-O-O Nbd7 11. g4 b5 12. g5 Nh5 13. Kb1 Nb6 14. Na5 Qc7 15. Qf2 Nd7 16. Nb3 b4 17. Nd5 Bxd5 18. Rxd5 a5 19. Bh3 a4 20. Nc1 Nf4 21. Bxf4 exf4 22. Bxd7 Qxd7 23. Qd2 a3 24. b3 Qe6 25. Nd3 f6 26. Nxf4 Qf7 27. g6 hxg6 28. Rg1 g5 29. Nd3 Qe6 30. Nxb4 f5 31. Nc6 fxe4 32. Nxe7+ Qxe7 33. fxe4 Qf6 34. c4 Qf4 35. Qg2 Rf7 36. Rxg5 Raa7 37. Qg4 Qf6 38. Qg2 Rae7 39. Ra5 Qd4 40. Rxa3 Qxe4+ 41. Qxe4 Rxe4 42. Rg2 Ref4 43. Ra6 R7f6 44. a4 Kh7 45. a5 Rf3 46. Kc2 1-0

[Event "27th Klatovy A 2019"]
[Site "Klatovy CZE"]
[Date "2019.06.30"]
[Round "2.34"]
[White "Drahorad, Daniel"]
[Black "Cecil, Pavel"]
[Result "1/2-1/2"]
[WhiteElo "1977"]
[BlackElo "1890"]
[PlyCount "39"]
[EventDate "2019.06.29"]
[EventType "swiss"]
[EventRounds "9"]
[EventCountry "CZE"]

1. e4 e6 2. d4 d5 3. Nc3 Nf6 4. e5 Nfd7 5. f4 c5 6. Nf3 a6 7. Be3 Nc6 8. Qd2 b5 9. Bd3 b4 10. Na4 c4 11. Be2 c3 12. Qd1 cxb2 13. Nxb2 Nb6 14. O-O a5 15. Rc1 a4 16. Bb5 Bd7 17. Qd3 a3 18. Nd1 Ra5 19. c4 bxc3 20. Nxc3 1/2-1/2

[Event "27th Klatovy A 2019"]
[Site "Klatovy CZE"]
[Date "2019.06.30"]
[Round "2.35"]
[White "Lhotska, Anna"]
[Black "Novy, Daniel"]
[Result "0-1"]
[WhiteElo "1884"]
[BlackElo "1955"]
[PlyCount "82"]
[EventDate "2019.06.29"]
[EventType "swiss"]
[EventRounds "9"]
[EventCountry "CZE"]

1. e4 c5 2. Nf3 e6 3. g3 Nc6 4. Bg2 g6 5. O-O Bg7 6. c3 Nge7 7. d3 O-O 8. Be3 b6 9. d4 cxd4 10. cxd4 d5 11. e5 Qd7 12. Nc3 f6 13. exf6 Bxf6 14. Bf4 Nf5 15. Be5 Nxe5 16. dxe5 Bg7 17. Re1 Bb7 18. Nd4 Rac8 19. f4 Rc4 20. Nxf5 gxf5 21. Qd3 Rfc8 22. Rac1 Bf8 23. Kh1 Bb4 24. Red1 Bxc3 25. bxc3 Qa4 26. Rd2 Qa3 27. Rdc2 R8c7 28. Qd2 Qc5 29. h3 Qe7 30. Kh2 Qe8 31. Bf3 Qg6 32. Rg1 Rg7 33. Be2 Rc8 34. c4 Rgc7 35. Rgc1 Rg7 36. Qe3 d4 37. Qb3 Be4 38. Rd2 Rd8 39. Rg1 Qh6 40. Rgd1 Rg6 41. Rxd4 Qxh3+ 0-1

[Event "27th Klatovy A 2019"]
[Site "Klatovy CZE"]
[Date "2019.06.30"]
[Round "2.36"]
[White "Ondrejat, Miroslav"]
[Black "Danko, Jiri"]
[Result "1/2-1/2"]
[WhiteElo "1948"]
[BlackElo "1881"]
[PlyCount "41"]
[EventDate "2019.06.29"]
[EventType "swiss"]
[EventRounds "9"]
[EventCountry "CZE"]

1. e4 e5 2. Nf3 Nc6 3. Bb5 a6 4. Ba4 Nf6 5. O-O b5 6. Bb3 Be7 7. Re1 O-O 8. a4 Bb7 9. d3 d6 10. Nc3 b4 11. Nd5 Nxd5 12. Bxd5 Na5 13. Bxb7 Nxb7 14. Bd2 c5 15. c3 a5 16. Qb3 Rc8 17. Qc4 Qd7 18. Be3 Nd8 19. Nd2 Nc6 20. Qd5 Rfd8 21. Qa2 1/2-1/2

[Event "27th Klatovy A 2019"]
[Site "Klatovy CZE"]
[Date "2019.06.30"]
[Round "2.37"]
[White "Sim, Jia Ru"]
[Black "Krauskopfova, Lenka 1996"]
[Result "1-0"]
[WhiteElo "1866"]
[BlackElo "1941"]
[PlyCount "77"]
[EventDate "2019.06.29"]
[EventType "swiss"]
[EventRounds "9"]
[EventCountry "CZE"]

1. e4 c5 2. Nf3 Nc6 3. Bb5 g6 4. Bxc6 bxc6 5. O-O Bg7 6. Re1 Nf6 7. c3 O-O 8. d4 cxd4 9. cxd4 Rb8 10. Nc3 d6 11. h3 Qa5 12. Bd2 Qc7 13. Qc2 Be6 14. Rac1 Rfc8 15. b3 h6 16. Qd3 Qb7 17. Bf4 Nh5 18. Bh2 Nf6 19. e5 Ne8 20. Nh4 Rd8 21. exd6 exd6 22. Nxg6 Qd7 23. Nf4 Bf5 24. Qg3 Kh8 25. Nh5 Bg6 26. Nxg7 Nxg7 27. Qh4 Kh7 28. Ne4 Bxe4 29. Qxe4+ Qf5 30. Rxc6 Qxe4 31. Rxe4 Rbc8 32. d5 Rxc6 33. dxc6 d5 34. c7 Rc8 35. Rd4 Ne6 36. Rxd5 Kg6 37. Rb5 Nxc7 38. Rc5 Re8 39. Bxc7 1-0

[Event "27th Klatovy A 2019"]
[Site "Klatovy CZE"]
[Date "2019.06.30"]
[Round "2.38"]
[White "Pribyl, Viktor"]
[Black "Sterba, Karel"]
[Result "1-0"]
[WhiteElo "1933"]
[BlackElo "1864"]
[PlyCount "67"]
[EventDate "2019.06.29"]
[EventType "swiss"]
[EventRounds "9"]
[EventCountry "CZE"]

1. e4 e5 2. Nf3 Nc6 3. d4 exd4 4. Nxd4 Bc5 5. Nb3 Bb6 6. Nc3 Qf6 7. Qe2 Nge7 8. Be3 O-O 9. O-O-O d6 10. f4 Be6 11. g3 Rfe8 12. Bg2 Bg4 13. Qxg4 Bxe3+ 14. Kb1 a5 15. Rhe1 Bd4 16. Nxd4 Nxd4 17. e5 dxe5 18. fxe5 Qf2 19. Be4 c5 20. Rf1 Qe3 21. Rde1 Qd2 22. Bd3 Rad8 23. Ne4 Qh6 24. Nf6+ Kf8 25. Nxh7+ Kg8 26. Nf6+ Kf8 27. Nxe8 Kxe8 28. Be4 Nd5 29. Bxd5 Rxd5 30. Qc8+ Rd8 31. Qxc5 Qg6 32. Rd1 b6 33. Qc4 Ne6 34. Qc6+ 1-0

[Event "27th Klatovy A 2019"]
[Site "Klatovy CZE"]
[Date "2019.06.30"]
[Round "2.39"]
[White "Stankova, Zuzana 1986"]
[Black "Odehnal, Jaroslav"]
[Result "0-1"]
[WhiteElo "1677"]
[BlackElo "1930"]
[PlyCount "80"]
[EventDate "2019.06.29"]
[EventType "swiss"]
[EventRounds "9"]
[EventCountry "CZE"]

1. e4 e5 2. Nf3 Nc6 3. d4 exd4 4. Bc4 Bc5 5. c3 d3 6. O-O d6 7. Qxd3 Be6 8. Bxe6 fxe6 9. Bg5 Nge7 10. Nbd2 h6 11. Be3 Bxe3 12. Qxe3 Ng6 13. Nd4 Nxd4 14. cxd4 O-O 15. Rac1 c6 16. Nf3 Qa5 17. a3 Qb5 18. Rc2 Rae8 19. Rfc1 Rf7 20. b4 Ref8 21. Qb3 Nf4 22. Kh1 Qh5 23. Ne1 Ne2 24. Qxe6 Nxd4 25. Qc4 Nxc2 26. Rxc2 Qd1 27. Rc1 Qd2 28. f3 Kh8 29. h3 Rf6 30. Nd3 Rg6 31. Rg1 Qe3 32. Re1 Qd2 33. Rg1 Rg3 34. Ne1 Qf4 35. Qd4 d5 36. Qxa7 dxe4 37. Qf2 Rd8 38. Qf1 Rd2 39. fxe4 Rxh3+ 40. gxh3 Qh2# 0-1